Archiv pro badání o životě a spisech J.A.Komenského , Sešit 10 , 1927

Bibliographic Details
Format: Book
Language:Undetermined
Published: Brno ÚSJU 1927

MARC

LEADER 00000nam a2200000 a 4500
001 vtls001367184
003 SK-MaSNL
005 20260223173641.0
008 240130s1927 xr 0 und
035 |a SNK000320872 
040 |a SNK  |b slo  |c SNK  |e AACR2 
044 |a xr  |c CZ 
245 1 |a Archiv pro badání o životě a spisech J.A.Komenského , Sešit 10 , 1927 
260 |a Brno  |b ÚSJU  |c 1927 
999 |c 635546  |d 637476 
952 |t sešit 10  |a SNK  |b SNK  |y PREZ  |7 0  |p 17A0199978  |o snkČC 1443/10/1927  |0 0  |1 1  |4 0  |d 1999-07-02  |l 0  |r 2005-01-02 00:00:00  |w 2026-02-23